Регионална библиотека "Любен Каравелов" - Русе

Пролет в крайморския дом (Запис номер 173555)

MARC детайли
000 -Лидер
Контролно поле с фиксирана дължина 01458nam a2200325 c 4500
003 - Код на организацията, давaща контролен номер
Контролно поле BLK
005 - Дата и час на последна редакция
Контролно поле 20180422114612.0
008 - Елементи от данни с фиксирана дължина
fixed length control field 180411b bul|||||r ||||||| ||bul||
010 ## - Наследен системен номер
LC control number KNG00181968000
040 ## - Източник на каталожния запис
Идентификатор на билиотеката - собственик на записа BLK
041 ## - Код за език
Код за езика на текст/звукозапис или на отделно заглавие Български
Код за езика КДБФ Български
080 ## - УДК
Текстов определител УДК Българска литература
УДК код - определител по УДК 821.163.2
УДК определител -93-32
УДК - код + определител 821.163.2-93-32
100 1# - Редна дума - Автор
Автор Славински, Петър
Авторска отговорност първи автор
Автор - информация (биография) Чолаков, Петър Атанасов
R(LIN) 382072
139 ## - Редно поле
Редна дума Славински, Петър
Авторски знак Слави - С 43
245 10 - Сведения за заглавието
Заглавие Пролет в крайморския дом
Подзаглавни данни Повест в разкази за деца и юноши
Редно поле (дума) Петър Славински; худож. Христо Кърджилов; * Петър Атанасов Чолаков.
250 ## - Област на изданието
Сведения за изданието 3. изд.
257 ## - Страна на издаване
Страна на създаване/издаване България
260 ## - Област на издателските данни
-- София
Име на издателя, разпространителя и проч. Нар. младеж
Година на издаване 1988
Печатница Варна : Ст. Добрев-Странджата
300 ## - Физическа характеристика
Страници 204 с.
Илюстрации и др. с ил.
Размери/Мащаб 20 см
380 ## - Жанр
Жанр Детска худож. лит.
500 ## - Общи забележки
Забележка Петър Славински - псевдоним на Петър Атанасов Чолаков. - 1. изд. 1973.
653 ## - Ключова дума – ненормативна
Ключова дума детска литература
700 1# - Други автори (авторска отговорност)
Лично име Кърджилов, Христо
Автороска отговорност (Описва отношението между автора и произведението) худож.
9 (RLIN) 379212
700 1# - Други автори (авторска отговорност)
Лично име Чолаков, Петър Атанасов
Автороска отговорност (Описва отношението между автора и произведението) *
9 (RLIN) 327431
852 ## - Местоположение
Форматна сигнатура Цб 152685
856 4# - Електронен адрес и достъп
Електронен формат pdf - файл
Път до файла /url/
856 4# - Електронен адрес и достъп
Електронен формат pdf - файл
Път до файла /url/
942 ## - АРТИКУЛИ
Вид на библиотечния материал Книги
Скрит в OPAC Не
944 ## - СЪЗДАВАНЕ И РЕДАКЦИЯ на ЗАПИСА
Създаване/Редакция Създаване
Дата на регистрацията/редакция 31.07.2013
Служител, извършил регистрацията/редакцията Теодора_Стоянова
944 ## - СЪЗДАВАНЕ И РЕДАКЦИЯ на ЗАПИСА
Създаване/Редакция Редакция
Дата на регистрацията/редакция 15.09.2017
Служител, извършил регистрацията/редакцията Елица_Владова
999 ## - СИСТЕМНИ КОНТРОЛНИ НОМЕРА
Koha biblionumber 173555
Koha biblioitemnumber 173555
Наличности
Код за отписване Код за изгубен артикул Източник на класификационната схема Код за повреда Коз за рестрикции Код за отдаване Артикулен № Име на библиотеката - собственик Име на библиотеката, в която се намира в момента Статус (Текущо местоположение) Дата на вписване в системата Местоположение - отдел Цена в лева Инвентарен номер Систематично азбучна сигнатура Баркод Номер на екземпляра Цена в евро Служебна бележка Служебен тип на артикула Бележка за публиката
  Не е изгубен Universal Decimal Classification Не е повреден без рестрикции ползва се в читалня 296793 Регионална библиотека "Любен Каравелов" Русе Регионална библиотека "Любен Каравелов" Русе Хранилище 1988-01-01 Хранилище 0.78 493511 Цб 152685 120000493511 1 0.40 Дост: Dp Вид: Сф Дата: 01.01.1988 Книги  
Изтеглен Не е изгубен   Не е повреден без рестрикции заемане за дома 296794 Регионална библиотека "Любен Каравелов" Русе Регионална библиотека "Любен Каравелов" Русе   1988-01-01 Детски отдел 0.78 532377 ДХ 886.7/С 43 532377 2 0.40 Дост: Pk Вид: Сф Дата: 01.01.1988 Дата инв: 25.09.2015 Бележки инв: Д2015 Книги Отч.N: 31/2017 , Дата: 01.09.2017
Vip Innovations Ltd, Rousse, Bulgaria 2025